000 00529cam a22002051 4500
001 he 67001602
003 DLC
005 20260227111449.0
008 840529s1966 is 000 1 heb
010 _ahe 67001602
035 _a(OCoLC)19138138
040 _aDLC
_cMH
_dCU
_dDLC
042 _apremarc
050 0 0 _aPJ5054.S267
_bT3
100 1 _aShafran, Nessia.
245 1 0 _aTaḥanot metot :
_bsipur.
260 _a[Tel Aviv] :
_bMaḥbarot le-sifrut,
_c[1966]
300 _a118 p. ;
_c22 cm.
752 _aIsrael
_dTel Aviv
999 _c32569
_d32569